000 00700nam a2200169 a 4500
001 000048956
005 20220824105235.0
008 190425s2015 dr bc 000 0 spa d
040 _aDO-SdBNP
_bspa
_cBNPHU
082 _axxx
_bxxx
110 1 _aMinisterio de Medio Ambiente y Recursos Naturales
_976380
245 1 0 _aPlan estratégico para la solución definitiva de la problemática del Parque Nacional Los Haitises :
_bcomisión especial para el Parque Nacional Los Haitises decreto 360-13/.
260 _aSanto Domingo, :
_bMinisterio de Medio Ambiente y Recursos Naturales,
_c2015.
300 _a48 p. :
_bmapa, retr. ;
_c28 cm.
504 _aBibliografía p: 40
590 _aInventariado, 2019/ YL
999 _c48444
_d48444